000 00977nam a2200193Ii 4500
003 JO-AjNU
008 230605s9999||||xx |||||||||||||| ||und||
040 _aJO-AjNU
_bara
_erda
_cJO-AjNU
041 _aara
050 1 4 _aDS154.6
100 3 _aمؤتمر الشركات المتميزة في عهد جلالة الملك عبدالله الثاني ؛ اعداد وتحرير الخوالدة، مصطفى ، اعداد وتحرير زهران، ابراهيم,
_eauthor
_945094
245 0 0 _aأردن الهاشميون: مسيرة عطاء وإنجازات في عهد جلالة الملك عبدالله الثاني
264 3 1 _aد.م: د.ن، د.ت
300 _a492ص
336 _atext
_btxt
_2rdacontent
337 _aunmediated
_bn
_2rdamedia
338 _avolume
_bnc
_2rdacarrier
650 4 _aالاردن- تاريخ- عهد جلالة الملك عبدالله الثاني، عبدالله الثاني بن الحسين، ملك الاردن/ 1962
_945095
999 _aA19522
_c23090
_d23090